TV Shows at the Pool Quiz Stats

 Plays Quiz Updated Aug 17, 2018

Score 0/18 Timer 07:00
2 Plays Today
% Correct
South Park
96.1%
The Simpsons
95.1%
Breaking Bad
90.6%
Full House
88.1%
Malcolm in the Middle
86.5%
The Sopranos
83.3%
Glee
71.9%
Saved by the Bell
71%
Black-ish
66.5%
% Correct
Modern Family
65.5%
Castle
57.2%
Fresh Off the Boat
55.5%
It's Always Sunny in Philadelphia
51.3%
This is Us
50.9%
Weeds
49.5%
The Last Man on Earth
39.3%
Shameless
19.9%
Pretty Little Liars
15.9%

You're not logged in!

Compare scores with friends on all Sporcle quizzes.
OR
Log In

Sporcle TV

Today on Sporcle TV


Watch our educational content, quiz creation guides, and fun videos on Sporcle TV.

Show Comments

Extras

Top Quizzes Today


Score Distribution

Your Account Isn't Verified!

In order to create a playlist on Sporcle, you need to verify the email address you used during registration. Go to your Sporcle Settings to finish the process.

Report this User

Report this user for behavior that violates our Community Guidelines.

Details: